Top 20 Countries by Defence Spending (2022 - Statistics

General Stats
  • This quiz has been taken 88 times
  • The average score is 16 of 20
Answer Stats
Hint Answer % Correct
$250,240,000,000 China
100%
$68,000,000,000 United Kingdom
99%
$40,900,000,000 France
97%
$50,300,000,000 Germany
97%
$154,000,000,000 Russia
97%
$770,000,000,000 United States
97%
$49,600,000,000 India
96%
$47,482,740,000 Japan
93%
$46,320,000,000 South Korea
92%
$29,198,401,050 Italy
89%
$46,000,000,000 Saudi Arabia
82%
$18,785,000,000 Brazil
81%
$23,550,574,382 Canada
78%
$14,500,000,000 Poland
74%
$11,870,000,000 Ukraine
74%
$17,800,000,000 Israel
70%
$44,618,000,000 Australia
66%
$25,266,000,000 United Arab Emirates
57%
$14,260,000,000 Netherlands
54%
$16,800,000,000 Taiwan
49%
No matching quizzes found
Score Distribution
Percent of People with Each Score
Percentile by Number Answered
Your Score History
You have not taken this quiz